Environmental Challenges of the 21st century: (Record no. 180728)

MARC details
000 -LEADER
fixed length control field 00677nam a22002057a 4500
005 - DATE AND TIME OF LATEST TRANSACTION
control field 20210816171521.0
010 ## - LCCN (DPL NO)
LC control number ENG-129863
020 ## - INTERNATIONAL STANDARD BOOK NUMBER
Terms of availability 1195.00
International Standard Book Number 978-93-84402-95-2
035 ## - SYSTEM CONTROL NUMBER
System control number EN-113395
037 ## - SOURCE OF ACQUISITION
Source of stock number/acquisition DBAD/PUB
082 ## - DEWEY DECIMAL CLASSIFICATION NUMBER
Classification number 363.70068
100 ## - MAIN ENTRY--PERSONAL NAME
Personal name Reena Kumari
245 ## - TITLE STATEMENT
Title Environmental Challenges of the 21st century:
Statement of responsibility, etc Reena Kumari
250 ## - EDITION STATEMENT
Edition statement 2018
260 ## - PUBLICATION, DISTRIBUTION, ETC. (IMPRINT)
Name of publisher, distributor, etc Gyan Geeta Prakashan
Date of publication, distribution, etc 2018
Place of publication, distribution, etc New Delhi
270 ## - ADDRESS
Address F-7, Gali No.1, Panchsheel Garden Ext. Naveen Shahdara
City New Delhi
Postal code 110032
Telephone number 09716234769
Electronic mail address gyangeetaprakashan@gmail.com
300 ## - PHYSICAL DESCRIPTION
Extent viii;292p.
Dimensions 22cm (hbk)
500 ## - GENERAL NOTE
General note includes index
942 ## - ADDED ENTRY ELEMENTS (KOHA)
Source of classification or shelving scheme Dewey Decimal Classification
Item type English Books
Classification part 954.04092
Call number prefix REE
Holdings
Withdrawn status Lost status Not for loan Collection code Home library Current library Date acquired Source of acquisition Cost, normal purchase price Full call number Barcode Copy number Koha item type
      Non-fiction Shahdara Branch Shahdara Branch 16/08/2021 DBAD/PUB 1195.00 954.04092 EN-113395 1 English Books

© Delhi Public Library
Hit Counter
free hit counter